| 000 | 005830000a22002050004500 | ||
|---|---|---|---|
| 003 | LK-CoMWRAF | ||
| 005 | 20240908020833.0 | ||
| 008 | 230817t ||||| |||| 00| 0 eng d | ||
| 020 | _a9559195026 | ||
| 040 |
_aLK-CoMWRAF _dLK-CoMWRAF _eLK-CoMWRAF |
||
| 041 | _aeng | ||
| 082 |
_a320.954 _bSAM |
||
| 100 | _aSamaraweera, Vijaya | ||
| 245 | _aLand, Labour, capital and sectional interests in the national of Sri Lanka | ||
| 260 |
_aColombo: _bStudies in Society & Culture; _c1992 |
||
| 300 | _a34 p. | ||
| 490 |
_aSSC pamphlets _v3 |
||
| 650 | _aPOLITICS-Sri Lanka | ||
| 942 | _cBK | ||
| 999 |
_c3113 _d3113 |
||